| 000 | 01342nam0a22002891 4500 | ||
|---|---|---|---|
| 001 | rc\4462636 | ||
| 005 | 20130416163454.2 | ||
| 021 |
_aRU _bРг748-60 |
||
| 035 | _a(NLR Aleph) 008326035 | ||
| 090 |
_a8787051 _c8787051 |
||
| 100 | _a20130416d1960 |||y0rusy50 ca | ||
| 101 | 0 | _arus | |
| 102 | _aRU | ||
| 105 | _ay z ||||| | ||
| 200 | 1 |
_aОпыт получения кордной нити из средневолокнистого сорта хлопчатника 108-Ф с применением экстракции жировоскового слоя _e(Тезисы доклада) _fТретья Межвузовская науч.-метод. конференция по текстильному материаловедению |
|
| 210 |
_aБ. м. _cБ. и. _d[1960] |
||
| 215 |
_a[4] с. _d30 |
||
| 300 | _aПеред загл. авт.: Ш.С. Исхаков, И.Т. Абдурахимова, канд. техн. наук | ||
| 300 | _aБез тит. л. обл. | ||
| 700 | 1 |
_aИсхаков _bШ. С. |
|
| 701 | 1 |
_aАбдурахимова _bИ. Т. |
|
| 712 | 0 | 2 | _aМежвузовская науч.-метод. конференция по текстильному материаловедению (3; 1959) |
| 801 | 0 |
_aRU _bNLR _gpsbo |
|
| 801 | 1 |
_aRU _bELAR _2rusmarc |
|
| 852 |
_aNLR _j60-8/98 |
||
| 942 | _cBOOK | ||
| 980 | _aNB | ||